Kaizen assembly : designing, constructing, and managing a lean assembly line /

It is easy to learn the philosophy and the concepts of kaizen. It is quite another challenge to translate the philosophy into action. While most books expound on the underlying principles and theory, Kaizen Assembly: Designing, Constructing, and Managing a Lean Assembly Line takes you step-by-step t...

Full description

Bibliographic Details
Main Author: Ortiz, Chris A. (Author)
Corporate Author: Taylor & Francis
Format: eBook
Language:English
Language Notes:English.
Published: Boca Raton, FL : CRC Taylor & Francis, 2006.
Subjects:
Online Access:Connect to the full text of this electronic book

MARC

Tag First Indicator Second Indicator Subfields
LEADER 00000cam a2200000 i 4500
001 in00005680813
005 20260205203554.9
006 m o d
007 cr |||||||||||
008 180331s2006 flua o 001 0 eng d
010 |z  2006041794 
040 |a KZA  |b eng  |c KZA  |d OCLCF  |d OCLCQ  |d OCLCO  |d OCLCQ  |d OCLCL  |d OCLCQ 
020 |a 0429123361 
020 |a 9780429123368 
020 |a 1280651652 
020 |a 9781280651656 
020 |a 9786610651658 
020 |a 6610651655 
020 |a 1420006606 
020 |a 9781420006605 
024 7 |a 10.1201/9781420006605  |2 doi 
035 |a (OCoLC)1373102555 
050 4 |a TS155  |b .O77 2006 
082 0 4 |a 658.5/33 
049 |a TXAM 
100 1 |a Ortiz, Chris A.,  |e author. 
245 1 0 |a Kaizen assembly :  |b designing, constructing, and managing a lean assembly line /  |c Chris A. Ortiz. 
264 1 |a Boca Raton, FL :  |b CRC Taylor & Francis,  |c 2006. 
300 |a 1 online resource (261 p.) 
336 |a text  |b txt  |2 rdacontent 
337 |a computer  |b c  |2 rdamedia 
338 |a online resource  |b cr  |2 rdacarrier 
505 0 |a Front Cover; About the Author; Introduction; Contents; Chapter 1. Commitment to Change; Chapter 2. The Company Kaizen Program; Chapter 3. The Basics; Chapter 4. The Strategic Purpose; Chapter 5. Four Weeks to Go; Chapter 6. Waste Analysis; Chapter 7. Two Weeks to Go; Chapter 8. One Week to Go; Chapter 9. Day One; Chapter 10. Day Two and Day Three; Chapter 11. Day Four; Chapter 12. The Final Day; Chapter 13. Training and Accountability; Chapter 14. Moving Forward; Chapter 15. Coin Dispenser Manufacturer Success Story; Final Thoughts; Glossary; Index 
520 |a It is easy to learn the philosophy and the concepts of kaizen. It is quite another challenge to translate the philosophy into action. While most books expound on the underlying principles and theory, Kaizen Assembly: Designing, Constructing, and Managing a Lean Assembly Line takes you step-by-step through an actual kaizen event. This approach demonstrates in detail the mindset, the processes, and the practical insight needed to transform your current assembly line into a world-class lean operation.Chris Ortiz brings the experience of over 150 successful kaizen events to the pages of th. 
546 |a English. 
500 |a Includes index. 
650 0 |a Production management. 
650 0 |a Manufacturing processes. 
650 6 |a Production  |x Gestion. 
650 6 |a Fabrication. 
650 7 |a manufacturing.  |2 aat 
650 7 |a Manufacturing processes  |2 fast 
650 7 |a Production management  |2 fast 
655 7 |a Electronic books.  |2 local 
710 2 |a Taylor & Francis. 
758 |i has work:  |a Kaizen assembly (Text)  |1 https://id.oclc.org/worldcat/entity/E39PCGBgRgPc6Rbf8kRfHJPXv3  |4 https://id.oclc.org/worldcat/ontology/hasWork 
776 1 |z 0849371872 
856 4 0 |u http://proxy.library.tamu.edu/login?url=https://www.taylorfrancis.com/books/9780429123368  |z Connect to the full text of this electronic book  |t 0 
936 |a BATCHLOAD 
955 |a Taylor and Francis ENGnetBASE 
994 |a 92  |b TXA 
999 f f |i 91891a97-471e-4e54-b563-66493e6b617b  |s 17bcde43-25cf-4651-854b-cdde7ba70860  |t 0 
952 f f |a Texas A&M University  |b College Station  |c Electronic Resources  |s www_evans  |d Available Online  |t 0  |e TS155 .O77 2006  |h Library of Congress classification 
998 f f |a TS155 .O77 2006  |t 0  |l Available Online